| 000 -LEADER |
| fixed length control field |
00536nam a2200169Ia 4500 |
| 008 - FIXED-LENGTH DATA ELEMENTS--GENERAL INFORMATION |
| fixed length control field |
190805s9999||||xx |||||||||||||| ||und|| |
| 020 ## - INTERNATIONAL STANDARD BOOK NUMBER |
| International Standard Book Number |
9780851746241 |
| Terms of availability |
£ 35.00 |
| 082 04 - DEWEY DECIMAL CLASSIFICATION NUMBER |
| Classification number |
621 |
| Item number |
C6253 |
| 100 1# - MAIN ENTRY--PERSONAL NAME |
| Personal name |
Clough-Smith, J. H. |
| 245 10 - TITLE STATEMENT |
| Title |
Applied physics: notes and examples in SI units for students of nautical science / |
| 250 ## - EDITION STATEMENT |
| Edition statement |
5th ed. |
| 260 ## - PUBLICATION, DISTRIBUTION, ETC. (IMPRINT) |
| Place of publication, distribution, etc |
Glasgow : |
| Name of publisher, distributor, etc |
Brown, Son & Ferguson Ltd, |
| Date of publication, distribution, etc |
1994 |
| 300 ## - PHYSICAL DESCRIPTION |
| Extent |
xv, 596 p. |
| Other physical details |
: ill. |
| Dimensions |
; 22 cm. |
| 650 #0 - SUBJECT ADDED ENTRY--TOPICAL TERM |
| Topical term or geographic name as entry element |
Physics |
| 852 ## - LOCATION/CALL NUMBER |
| Location |
|
| 942 ## - ADDED ENTRY ELEMENTS (KOHA) |
| Item type |
Books |